Informe emitido por la Sección Primera de dicho Consejo acerca del comercio español con la Gran Bretaña en 1894 y con la República Argentina en 1895 (Record no. 184277)
[ view plain ]
| 000 -LEADER | |
|---|---|
| campo de control de longitud fija | 01159nam a2200229 i 4500 |
| 001 - NÚMERO DE CONTROL | |
| campo de control | 184277 |
| 003 - IDENTIFICADOR DE NÚMERO DE CONTROL | |
| campo de control | ES-MaACL |
| 005 - FECHA Y HORA DE LA ÚLTIMA TRANSACCIÓN | |
| campo de control | 20250809013833.0 |
| 008 - DATOS DE LONGITUD FIJA--INFORMACIÓN GENERAL | |
| campo de control de longitud fija | 150608s1896 sp |||| | spa d |
| 080 ## - NÚMERO DE LA CLASIFICACIÓN DECIMAL UNIVERSAL | |
| Número de la Clasificación Decimal Universal | 339.5(460:410) |
| 080 ## - NÚMERO DE LA CLASIFICACIÓN DECIMAL UNIVERSAL | |
| Número de la Clasificación Decimal Universal | 339.5(460:410) |
| 110 2# - ENTRADA PRINCIPAL--NOMBRE DE ENTIDAD CORPORATIVA | |
| Nombre de entidad corporativa o nombre de jurisdicción como elemento de entrada | Consejo de Aduanas y Aranceles (España) |
| 9 (RLIN) | 156968 |
| 245 10 - MENCIÓN DEL TÍTULO | |
| Título | Informe emitido por la Sección Primera de dicho Consejo acerca del comercio español con la Gran Bretaña en 1894 y con la República Argentina en 1895 |
| Resto del título | : este informe fue aprobado por el Consejo en pleno en la sesión celebrada el día 22 de mayo de 1896. |
| 260 ## - PUBLICACIÓN, DISTRIBUCIÓN, ETC. | |
| Lugar de publicación, distribución, etc. | [S.l.] : |
| Nombre del editor, distribuidor, etc. | [s.n.], |
| Fecha de publicación, distribución, etc. | 1896 ( |
| Lugar de fabricación/manufactura | Madrid : |
| Fabricante | Imp., Fund. y Fáb. de Tintas de los Hijos de J.A. García) |
| 300 ## - DESCRIPCIÓN FÍSICA | |
| Extensión | 20 p. ; |
| Dimensiones | 23 cm. |
| 530 ## - NOTA DISPONIBLE DE FORMULARIO FÍSICO ADICIONAL | |
| Nota de formato físico adicional disponible | Disponible en formato digital. |
| 651 #7 - PUNTO DE ACCESO ADICIONAL DE MATERIA--NOMBRE GEOGRÁFICO | |
| Nombre geográfico | España- |
| Subdivisión general | Comercio exterior- |
| Subdivisión geográfica | Gran Bretaña |
| Fuente del encabezamiento o término | |
| 9 (RLIN) | 172049 |
| 651 #4 - PUNTO DE ACCESO ADICIONAL DE MATERIA--NOMBRE GEOGRÁFICO | |
| Nombre geográfico | España- |
| Subdivisión general | Comercio exterior- |
| Subdivisión geográfica | Argentina. |
| 9 (RLIN) | 156970 |
| 852 ## - LOCALIZACIÓN | |
| Ubicación | ES-MaACL |
| Número de control de estantería | T-807-F-3 |
| Nota libre | .- Enc. hol. conservando enc. original |
| -- | .- Enc. en un vol. facticio |
| 856 ## - LOCALIZACIÓN Y ACCESO ELECTRÓNICOS | |
| Identificador Uniforme de Recursos | <a href="http://bdh-rd.bne.es/viewer.vm?id=0000088613&page=1 ">http://bdh-rd.bne.es/viewer.vm?id=0000088613&page=1 </a> |
| Nota pública | Biblioteca Digital Hispánica |
| Estatus retirado | Estado de pérdida | Estado de daño | No para préstamo | Colección | Biblioteca de origen | Biblioteca actual | Ubicación en estantería | Fecha de adquisición | Fuente de adquisición | Total de préstamos | Signatura topográfica completa | Código de barras | Visto por última vez | Precio de reemplazo | Tipo de ítem Koha |
|---|---|---|---|---|---|---|---|---|---|---|---|---|---|---|---|
| Colección de folletos | Biblioteca del Ateneo de Madrid | Biblioteca del Ateneo de Madrid | Depósito folletos | 08/06/2015 | T-807-F-3 | 1193842 | 23/02/2023 | 23/02/2023 | Folleto |
